01373nam a2200265 a 4500001001000000005001700010008004100027041000800068044000700076084002000083100004500103245009500148260006100243300001700304500026900321500009500590500012300685500001000808650005200818650005600870650003400926650004500960700005201005740005001057BRCA_253520190320203844.0261108c1863----sp-#---###---#000-0#spa-u aspa asp a154b.R58c18631 aCervantes Saavedra, Miguel ded1547-161610aEl Ingenioso Hidalgo Don Quijote de la Manchaccompuesto por Miguel de Cervantes Saavedra. aArgamasilla de Alba (España)bManuel Rivadeneyrac1863 a4 v.c14 cm. aContenido : v 1. Primera parte. Prólogo de J. E. Hartzenbush. Diario de los viajes de D. Quijote. Prólogo del autor. Versos preliminares. Texto. -- v 2. Texto. -- v 3. Segunda parte. Dedicatoria del autor. Prólogo del autor. Texto. -- v 4. Texto. Apéndices aEdición : Edición corregida con especial estudio de la primera, por J. E. Hartzenbusch aImpresión similar al LO-153, pero de menor tamaño y hecha en papel de hilo. Edición económica Lúdovik Osterc aQM14014aNovela españolayÉpoca clásica, 1500-170014aLiteratura españolayÉpoca clásica, 1500-170014aNovela españolaySiglo XVII14aDon Quijote (Personaje ficticio)eNovela1 aHartzenbusch, Juan Eugeniod1806-1880eAnotador0 aEl Ingenioso Hidalgo Don Quijote de la Mancha